Top 10 U.S. States with the Most NCAA Schools - Statistics

General Stats
  • This quiz has been taken 137 times
  • The average score is 8 of 10
Answer Stats
Total DI DII DIII State % Correct
59 24 24 11 California
100%
103 22 15 66 New York
97%
52 21 15 16 Texas
97%
47 13 12 22 Ohio
81%
97 14 22 61 Pennsylvania
75%
47 18 20 9 North Carolina
74%
32 7 17 8 Georgia
71%
40 13 4 23 Illinois
71%
38 14 4 20 Virginia
64%
56 6 6 44 Massachusetts
60%
No matching quizzes found
Score Distribution
Percent of People with Each Score
Percentile by Number Answered
Your Score History
You have not taken this quiz